<?xml version="1.0" encoding="UTF-8"?>
<marc:record xmlns:marc="http://www.loc.gov/MARC21/slim">
   <marc:leader>00000nam a2200000 a 4500</marc:leader>
   <marc:datafield ind1="0" ind2="0" tag="245">
      <marc:subfield code="a">Gotti - A Real American Godfather</marc:subfield>
   </marc:datafield>
   <marc:datafield ind1=" " ind2="1" tag="264">
      <marc:subfield code="c">2018</marc:subfield>
   </marc:datafield>
   <marc:datafield ind1="1" ind2=" " tag="520">
      <marc:subfield code="a">In den 1980er Jahren wird John Gotti zum New Yorker Mafia-Boss. Die Medien reißen sich um ihn, wodurch er Kontakte in die höchsten Kreise erhält. Wenige Jahre später wird er schließlich lebenslänglich inhaftiert, wo er auf seinen Sohn John Jr. trifft. Ein Deal könnte die beiden aus dem Gefängnis bringen, doch Gotti ist dagegen ...</marc:subfield>
   </marc:datafield>
   <marc:datafield ind1=" " ind2=" " tag="338">
      <marc:subfield code="a">Videodisk</marc:subfield>
   </marc:datafield>
   <marc:datafield ind1=" " ind2=" " tag="300">
      <marc:subfield code="a">1 DVD (ca. 105 Min.)</marc:subfield>
   </marc:datafield>
</marc:record>
